000 00313 a2200133 4500
000 nam a22 7a 4500
100 _aAtul Shukla
110 _aAtul Shukla
245 _aYog Chikitsa
250 _alatest edition
260 _bkhel sahitya kendra
_c2025
264 _bkhel sahitya kendra
_c2025
942 _cBK
999 _c396264
_d396264